| 000 | 00502nam a22001817a 4500 | ||
|---|---|---|---|
| 005 | 20260423091903.0 | ||
| 008 | 260420b |||||||| |||| 00| 0 eng d | ||
| 020 | _a978-93-90544-39-4 | ||
| 050 | _aHF 5686.C8 B36 2005 | ||
| 100 | _aBANERJEE, BHABATOSH | ||
| 245 |
_aCOST ACCOUNTING _bTHEORY AND PRACTICE |
||
| 250 | _a14TH EDITION | ||
| 260 |
_aDELHI _bPHI LEARNING _c2025 |
||
| 300 | _aXX, 916P. | ||
| 500 | _aINCLUDES INDEX | ||
| 650 | _aCOST ACCOUNTING THEORY AND PRACTICE | ||
| 942 |
_2lcc _cBK |
||
| 999 |
_c217012 _d217012 |
||